000 00470cas a22001815a 4500
001 L130998
008 050920c1968 xxkmr p 0 a0eng u
035 _a(Sirsi) u130998
041 0 _aeng
245 0 0 _aShop Property
260 _aLondon
_bNewman Books
_c1968-
362 _a1972-October 1990
554 _a12 per year
651 4 _aUnited Kingdom
_y
651 4 _aIreland (Republic of)
_y
690 _aPROPERTY-COMMERCIAL PROPERTY-RETAIL PROPERTY
942 _n0
999 _c118837
_d118837